Derecho y economía, el análisis económico de las instituciones legales / (Registro nro. 8421)

Detalles MARC
000 -LEADER
fixed length control field 00924nam a2200265Ia 4500
003 - CONTROL NUMBER IDENTIFIER
control field OSt
005 - DATE AND TIME OF LATEST TRANSACTION
control field 20210510125640.0
008 - FIXED-LENGTH DATA ELEMENTS--GENERAL INFORMATION
fixed length control field 210310s2010 pe gr 000 0 spa d
020 ## - INTERNATIONAL STANDARD BOOK NUMBER
International Standard Book Number 9789972224188
040 ## - CATALOGING SOURCE
Original cataloging agency CO-JMCR
Transcribing agency CO-JMCR
041 0# - LANGUAGE CODE
Language code of text/sound track or separate title spa
082 04 - DEWEY DECIMAL CLASSIFICATION NUMBER
Classification number 343.07 /
Item number B935d
Edition number 23
100 1# - MAIN ENTRY--PERSONAL NAME
Personal name Bullard González, Alfredo,
9 (RLIN) 17220
Relator term autor
245 10 - TITLE STATEMENT
Title Derecho y economía, el análisis económico de las instituciones legales /
Statement of responsibility, etc. Alfredo Bullard González ; prólogo de Fernando deTrazegnies
260 ## - PUBLICATION, DISTRIBUTION, ETC.
Place of publication, distribution, etc. Lima :
Name of publisher, distributor, etc. Palestra Editores,
Date of publication, distribution, etc. 2010
300 ## - PHYSICAL DESCRIPTION
Extent 1305 páginas ;
Dimensions 24 cm.
650 14 - SUBJECT ADDED ENTRY--TOPICAL TERM
Topical term or geographic name entry element Derecho y economía
9 (RLIN) 17222
650 24 - SUBJECT ADDED ENTRY--TOPICAL TERM
Topical term or geographic name entry element Teoría económica
9 (RLIN) 37514
650 24 - SUBJECT ADDED ENTRY--TOPICAL TERM
Topical term or geographic name entry element Derecho de propiedad
9 (RLIN) 37515
650 24 - SUBJECT ADDED ENTRY--TOPICAL TERM
Topical term or geographic name entry element Contratos (Derecho civil)
9 (RLIN) 37516
650 24 - SUBJECT ADDED ENTRY--TOPICAL TERM
Topical term or geographic name entry element Responsabilidad civil
9 (RLIN) 37517
650 24 - SUBJECT ADDED ENTRY--TOPICAL TERM
Topical term or geographic name entry element Libre comercio
9 (RLIN) 2688
700 1# - ADDED ENTRY--PERSONAL NAME
Personal name Trazegnies, Fernando de,
Relator term prologuista
9 (RLIN) 37518
942 ## - ADDED ENTRY ELEMENTS (KOHA)
Source of classification or shelving scheme Dewey Decimal Classification
Koha item type Books
Existencias
Withdrawn status Lost status Source of classification or shelving scheme Damaged status Not for loan Collection code Home library Current library Date acquired Source of acquisition Total Checkouts Full call number Barcode Date last seen Date last checked out Copy number Koha item type
    Dewey Decimal Classification     Non-fiction Biblioteca Pública José María del Castillo y Rada Biblioteca Pública José María del Castillo y Rada 04/15/2018 Donación 1 343.07 / B935d 430000032 06/18/2025 06/16/2025 Ej.1 Books